Hetʹmany Ukraïny: Pavlo Teterja, Ivan Brjuchovecʹkyj
| Titel: | Hetʹmany Ukraïny: Pavlo Teterja, Ivan Brjuchovecʹkyj / Jaroslava Dehtjarenko |
|---|---|
| Verfasser: | |
| Veröffentlicht: | Kyïv : Brajt Buks, 2024 |
| Umfang: | 269 Seiten |
| Format: | Buch |
| Sprache: | Ukrainisch |
| Schriftenreihe/ mehrbändiges Werk: |
Гетьмани України ; tom [2] |
| ISBN: | 9786177766758 |
| Hinweise zum Inhalt: |
Buch Bibliographie
Cover Inhaltsverzeichnis |
alg: 52495667 001A $03004:20-12-24 001B $01999:01-10-25 $t11:42:49.000 001D $03004:18-09-25 001U $0utf8 001X $00 002@ $0Aau 002C $aText $btxt $2rdacontent 002D $aohne Hilfsmittel zu benutzen $bn $2rdamedia 002E $aBand $bnc $2rdacarrier 003@ $0524956677 004A $A978-617-7766-75-8 007A $0524956677 $aHEB 007G $0 009P $qapplication/pdf $A2 $3Buch Bibliographie $uhttp://scans.hebis.de/HEBCGI/show.pl?52495667_bib.pdf $mV:DE-603;B:DE-Mb50 009P $qapplication/pdf $A2 $3Cover $uhttp://scans.hebis.de/HEBCGI/show.pl?52495667_cov.pdf $mV:DE-603;B:DE-Mb50 009P $qapplication/pdf $A2 $3Inhaltsverzeichnis $uhttp://scans.hebis.de/HEBCGI/show.pl?52495667_toc.pdf $mV:DE-603;B:DE-Mb50 010@ $aukr 010E $erda 011@ $a2024 $n2024 013D $RBiograf $RLebenslauf $RBiografik $#Biographies $#Biography $#Biographies -- Histoire et critique $#Biographie $#Biographisches Nachschlagewerk $#Lebensbeschreibung $#Berühmte Persönlichkeit Biografie $#Biografisches Nachschlagewerk $74006804-3 $8Biografie [Ts1] $9085010375 021A $aHetʹmany Ukraïny: Pavlo Teterja, Ivan Brjuchovecʹkyj $T01 $ULatn $hJaroslava Dehtjarenko 021A $aГетьмани України: Павло Тетеря, Іван Брюховецький $T01 $UCyrl $hЯрослава Дегтяренко 028A $BVerfasser $#Dehti͡arenko, I͡Aroslava $#Дегтяренко, Ярослава $#Dehti͡arenko, I͡aroslava $#Dehtjarenko, A. V. $#Dehtjarenko, Ja. $#Dehtjarenko, Jaroslava $T01 $4aut $ULatn $71192451856 $8Dehtjarenko, Jaroslava Viktorivna$Z1984- [Tp3] $9451445023 028A $BVerfasser $#Dehti͡arenko, I͡Aroslava $#Дегтяренко, Ярослава $#Dehti͡arenko, I͡aroslava $#Dehtjarenko, A. V. $#Dehtjarenko, Ja. $#Dehtjarenko, Jaroslava $T01 $4aut $UCyrl $71192451856 $8Дегтяренко, Ярослава$Z1984- [Tp3] $9451445023 033A $pKyïv $T01 $ULatn $nBrajt Buks 033A $pКиїв $T01 $UCyrl $nБрайт Букс 034D $a269 Seiten 036E $aHetʹmany Ukraïny $T01 $ULatn $ltom [2] 036E $aГетьмани України $T01 $UCyrl $ltom [2] 044K $#Тетеря, Павло $#Teteria, Pavlo $71041853270 $8Teterja, Pavlo$Z1620-1670 [Tp1] $9331380382 044K $#Брюховецький, Іван Мартинович $#Bri͡ukhovet͡sʹkyĭ, Ivan $#Brjuchovecʹkyj, Ivan $#Brjuhovec'kyi, Ivan $#Brzuchowiecki, Iwan $7116341946X $8Brjuchovecʹkyj, Ivan Martynovyč$Z1623-1668 [Tp1] $9434243906 044K $RUkrainische SSR $#Ukraine $#Ukraine $#Ukraine $#Украïна $#Ukrainische SSR $#Ukrajina $#Ukraina $#Ukraïna Ukraine $#Ukraina Ukraine $#Ukrajna $74061496-7 $8Ukraine [Tg1] $9085170801 044K $ROberbefehlshaber $RHetmanat $RAtaman $74307881-3 $8Hetman [Ts1] $9086687034 045F $a355.00947709032 $eDDC23BSB 045F/01 $a355.009 045F/03 $f09032 045F/03 $g477 046L $aIn kyrillischer Schrift, Text ukrainisch lok: 52495667 24 exp: 52495667 24 1 #EPN 201B/01 $020-12-24 $t13:37:03.000 201C/01 $020-12-24 201U/01 $0utf8 203@/01 $01286998468 208@/01 $a20-12-24 $bz 209A/01 $a24.08187 $du $f050 $h24 08187 $x00 209C/01 $a24.08187 K $h24 08187 K 209G/01 $a74955240 $x00 220C/01 $ajwa 247C/01 $8358050-7Marburg, Bibliothek des Herder-Instituts Marburg $9102600961
| LEADER | 00000cam a2200000 c 4500 | ||
|---|---|---|---|
| 001 | 524956677 | ||
| 003 | DE-603 | ||
| 005 | 20251001114249.0 | ||
| 007 | tu | ||
| 008 | 241220s2024 xx |||| | u00||u|ukr c | ||
| 020 | |a 9786177766758 | ||
| 035 | |a (DE-599)HEB524956677 | ||
| 040 | |a DE-603 |b ger |c DE-603 |d DE-603 |e rda | ||
| 041 | |a ukr | ||
| 082 | 0 | 4 | |8 1\u |a 355.00947709032 |q DE-101 |2 23/BSB |
| 085 | |8 1\u |b 355.009 | ||
| 085 | |8 1\u |z 1 |s 09032 | ||
| 085 | |8 1\u |z 2 |s 477 | ||
| 100 | 1 | |6 880-02/Latn |a Dehtjarenko, Jaroslava Viktorivna |d 1984- |e Verfasser |4 aut |0 (DE-603)451445023 |0 (DE-588)1192451856 |2 gnd | |
| 245 | 0 | 0 | |6 880-01/Latn |a Hetʹmany Ukraïny: Pavlo Teterja, Ivan Brjuchovecʹkyj |c Jaroslava Dehtjarenko |
| 264 | 1 | |6 880-03/Latn |a Kyïv |b Brajt Buks |c 2024 | |
| 300 | |a 269 Seiten | ||
| 336 | |a Text |b txt |2 rdacontent | ||
| 337 | |a ohne Hilfsmittel zu benutzen |b n |2 rdamedia | ||
| 338 | |a Band |b nc |2 rdacarrier | ||
| 490 | 0 | |6 880-04/Latn |a Hetʹmany Ukraïny |v tom [2] | |
| 546 | |a In kyrillischer Schrift, Text ukrainisch | ||
| 600 | 1 | 7 | |a Teterja, Pavlo |d 1620-1670 |0 (DE-588)1041853270 |0 (DE-603)331380382 |2 gnd |
| 600 | 1 | 7 | |a Brjuchovecʹkyj, Ivan Martynovyč |d 1623-1668 |0 (DE-588)116341946X |0 (DE-603)434243906 |2 gnd |
| 650 | 7 | |a Hetman |0 (DE-588)4307881-3 |0 (DE-603)086687034 |2 gnd | |
| 651 | 7 | |a Ukraine |0 (DE-588)4061496-7 |0 (DE-603)085170801 |2 gnd | |
| 655 | 7 | |a Biografie |2 gnd-content |0 (DE-588)4006804-3 |0 (DE-603)085010375 | |
| 856 | 4 | 2 | |m V:DE-603;B:DE-Mb50 |q application/pdf |u http://scans.hebis.de/HEBCGI/show.pl?52495667_bib.pdf |3 Buch Bibliographie |
| 856 | 4 | 2 | |m V:DE-603;B:DE-Mb50 |q application/pdf |u http://scans.hebis.de/HEBCGI/show.pl?52495667_cov.pdf |3 Cover |
| 856 | 4 | 2 | |m V:DE-603;B:DE-Mb50 |q application/pdf |u http://scans.hebis.de/HEBCGI/show.pl?52495667_toc.pdf |3 Inhaltsverzeichnis |
| 880 | 1 | |6 264-03/Cyrl |a Київ |b Брайт Букс |c 2024 | |
| 880 | 0 | |6 490-04/Cyrl |a Гетьмани України |v tom [2] | |
| 880 | 0 | 0 | |6 245-01/Cyrl |a Гетьмани України: Павло Тетеря, Іван Брюховецький |c Ярослава Дегтяренко |
| 880 | 1 | |6 100-02/Cyrl |a Дегтяренко, Ярослава |d 1984- |e Verfasser |4 aut |0 (DE-603)451445023 |0 (DE-588)1192451856 |2 gnd | |
| 924 | 0 | |9 Mb 50 |a (DE-603)1286998468 |b DE-Mb50 |c HES |d c |g 24.08187 | |


